| 000 | 02194nam a22001577a 4500 | ||
|---|---|---|---|
| 041 | _aukr | ||
| 080 | _a09 | ||
| 090 | _bПЯН | ||
| 100 | _aПянковська І. В. | ||
| 245 | _aВикористання науково- популярних текстів для навчання читання англійською мовою на старшому етапі ЗОШ (9-й клас) | ||
| 260 |
_aОстрог _bКАФ _c2003 |
||
| 300 | _a45 | ||
| 520 |
_aРозділ 1. Теоретичні аспекти оптимізації процесу навчання читання англійською мовою в 9 класі середньої загальноосвітньої школи.
1.1. Особливості текстів науково-популярного змісту, принципи їх відбору і застосування на старшому етапі середньої ЗОШ.
1.2. Розвиток мотивації учнів до читання англійською мовою за допомогою науково-популярних текстів.
1.3. Здійснення індивідуалізації в процесі навчання читання англійською мовою на старшому етапі середньої школи.
Розділ 2. Навчання читання англійською мовою на середньому етапі середньої ЗОШ на основі науково-популярних текстів.
2.1. Формування навичок і розвиток умінь читання на основі текстів науково-популярного характеру.
2.2. Методика використання науково-популярних текстів для навчання читання англійською мовою на старшому етапі середньої ЗОШ.
2.3. Фрагмент уроку для навчання читання в 9-му класі середньої загальноосвітньої школи. _0Навчання, читання, уміння. |
||
| 650 | _aResearch Papers | ||
| 999 |
_c281826 _d281826 |
||
| 942 | _cBK | ||